Sonata de invierno
Saved in:
| Hovedforfatter: | |
|---|---|
| Format: | Bog |
| Sprog: | spansk |
| Udgivet: |
Santiago
Zig-Zag
1931
|
| Udgivelse: | 1a. ed |
| Serier: | Revista Literaria. Biblioteca Zig-Zag, 24
|
| Fag: | |
| Tags: |
Tilføj Tag
Ingen Tags, Vær først til at tagge denne postø!
|
MARC
| LEADER | 00000nam a2200000 a 4500 | ||
|---|---|---|---|
| 001 | UCH0360 | ||
| 003 | CL-VaPUC | ||
| 008 | 090306e19310000CL |||||||||||||||||spa|d | ||
| 082 | 0 | 4 | |a 863 |b VAL |2 21 |
| 100 | 0 | |a Valle-Inclán, Ramón del |e author |9 315482 | |
| 245 | 1 | 0 | |a Sonata de invierno |
| 250 | |a 1a. ed | ||
| 300 | |a 127 p | ||
| 942 | |c BK | ||
| 945 | |d 20090306 00:00:00 |a cmena | ||
| 260 | |a Santiago |b Zig-Zag |c 1931 | ||
| 650 | 0 | |a Literatura española |9 306261 | |
| 650 | 0 | |a Novelas españolas |9 265052 | |
| 583 | |a last modification |c 20090306 00:00:00 |k Rodrigo Vera | ||
| 490 | 0 | |a Revista Literaria. Biblioteca Zig-Zag, 24 | |
| 999 | |c 332691 |d 332689 | ||